| 000 | 02721nam a22003377a 4500 | ||
|---|---|---|---|
| 003 | OSt | ||
| 005 | 20260416165711.0 | ||
| 008 | 260408t2015 xxu||||| |||| 00| 0 spa d | ||
| 020 | _a9788490228791 | ||
| 020 | _a9788490228784 | ||
| 020 | _a978145572614 | ||
| 040 |
_aUnicoc _bspa _c00001 _d00001 |
||
| 082 | _a616.07 | ||
| 100 |
_91145 _aKumar, Vinay |
||
| 245 |
_aRobbins y Cotran _b: Patología estructural y funcional _c/ Kumar Vinay, Abul K. Abbas, Jon C. Aster |
||
| 250 | _a9 Ed. | ||
| 260 |
_aEspaña : _bElsevier , _c2015. |
||
| 300 |
_a3614 páginas _bIlustraciones, cuadros, diagramas, fotos y tablas |
||
| 500 | _aIncluye Índice | ||
| 505 |
_tPatología general. -- _tCapítulo 1: La célula como unidad de salud y enfermedad. -- _tCapítulo 2: Respuestas celulares al estrés y las agresiones tóxicas: adaptación, lesión y muerte. -- _tCapítulo 3: Inflamación y reparación. -- _tCapítulo 4: Trastornos hemodinámicos, enfermedad tromboembólica y shock. -- _tCapítulo 5: Trastornos genéticos. -- _tCapítulo 6: Enfermedades del sistema inmunitario. -- _tCapítulo 7: Neoplasias. -- _tCapítulo 8: Enfermedades infecciosas. -- _tCapítulo 9: Enfermedades ambientales y nutricionales. -- _tCapítulo 10: Enfermedades de la lactancia y la infancia. -- _tPatología sistémica: enfermedades de los sistemas orgánicos. -- _tCapítulo 11: Vasos sanguíneos. -- _tCapítulo 12: Corazón. -- _tCapítulo 13: Enfermedades de los leucocitos, ganglios linfáticos, bazo y timo. -- _tCapítulo 14: Trastornos de los eritrocitos y trastornos hemorrágicos. -- _tCapítulo 15: Pulmón. -- _tCapítulo 16: Cabeza y cuello. -- _tCapítulo 17: Tubo digestivo. -- _tCapítulo 18: Hígado y vesícula biliar. -- _tCapítulo 19: Páncreas. -- _tCapítulo 20: Riñón. -- _tCapítulo 21: Vías urinarias bajas y aparato genital masculino. -- _tCapítulo 22: Aparato genital femenino. -- _tCapítulo 23: Mama. -- _tCapítulo 24: Sistema endocrino. -- _tCapítulo 25: Piel. -- _tCapítulo 26: Huesos, articulaciones y tumores de partes blandas. -- _tCapítulo 27: Nervios periféricos y músculos esqueléticos. -- _tCapítulo 28: Sistema nervioso central. -- _tCapítulo 29: Ojo. |
||
| 526 | _5Unicoc | ||
| 546 | _aEspañol | ||
| 650 | 0 |
_94519 _aPatología _vManuales |
|
| 650 | 0 |
_912205 _aAnatomía y Patología _vManuales |
|
| 650 | 0 |
_911905 _aFisiopatologia _vManuales |
|
| 658 | 0 |
_98315 _aPrograma de Odontología |
|
| 700 |
_97061 _a Abbas, Abul K. |
||
| 700 |
_97929 _aAster, Jon C. |
||
| 856 |
_uhttps://unicoceduco-my.sharepoint.com/:b:/g/personal/direccionbiblioteca_unicoc_edu_co/IQAH8rOrf__nRZSMjaB3i8ZPAUC-kbUkWy53fKdJPSEbZ-M _yAcceso online exclusivo para comunidad Unicoc |
||
| 942 |
_2ddc _cEBOOK |
||
| 999 |
_c10820 _d10820 |
||